000 00620nam a2200205Ia 4500
003 OSt
005 20230427104918.0
008 210423s2007 xx 000 0 und d
020 _a8130906619
040 _cAL
041 _aeng
082 _a820.9 BLOV
_223
100 _aBLOOM (Harold),Ed
_993775
245 _aViva modern critical interpretations Stephen Crane's the red badge of courage
260 _aNew Delhi
_bViva Books Pvt Ltd
_c2007
300 _avi,223
_bPB
365 _b145
_cINR
906 _abadge ; courage ; Crane ; critical ; interpretations ; modern ; red ; s ; Stephen ; Viva
942 _2ddc
_cBK
999 _c161777
_d161777